Casals hovory s Pablem Casalsem

Bibliographic Details
Main Author: Casals, Pablo, 1876-1973 (Author)
Other Authors: Zich, Otakar, 1879-1934 (Translator)
Format: Book
Language:Czech
French
PhysicalDescription:268 s. faksim.,fot.,il.,portréty 24 cm
Published: Praha Státní nakladatelství krásné literatury, hudby a umění 1958
Edition:1. vyd.
Series:Paměti, korespondence, dokumenty
Subjects:

MARC

LEADER 00000nam a2200000 a 4500
001 vtls001354651
003 SK-MaSNL
005 20260425231848.0
008 251031s1958 xr hoac rbi 10 dcze
035 |a SNK000308095 
040 |a SNK  |b slo  |c SNK  |e AACR2 
041 1 |a cze  |h fre 
043 |a e-sp--- 
044 |a xr  |c CZ 
072 7 |a 78.07  |x Hudobníci, skladatelia a iné hudobné povolania  |2 konspekt 
080 |a 78.071.1/.2  |2 2008 
080 |a 78.071.2  |2 2008 
080 |a 78(091)  |2 2008 
080 |a (460)  |2 2008 
080 |a (0:82-94)  |2 2008 
100 1 |a Casals, Pablo,  |d 1876-1973  |4 aut  |9 459076 
240 1 0 |a Conversations avec Pablo Casals  |l Česky 
245 1 0 |a Casals  |b hovory s Pablem Casalsem  |c [Zapsal] J. Ma. Corredor ; z franc. orig. Conversations avec Pablo Casals (Souvenirs et opinion d'un musicien) autoris. preklad a pozn. Otakar Zich ; doslov: Miloš Sádlo 
246 3 0 |a Hovory s Pablem Casalsem 
250 |a 1. vyd. 
260 |a Praha  |b Státní nakladatelství krásné literatury, hudby a umění  |c 1958 
300 |a 268 s.  |b faksim.,fot.,il.,portréty  |c 24 cm 
490 1 |a Paměti, korespondence, dokumenty  |v Sv. 15 
504 |a Bibliografické odkazy ; register 
648 7 |a 19.-20. stor.  |2 SNK  |9 268609 
650 0 7 |a dirigenti  |2 SNKPH  |9 3192 
650 0 7 |a hudobníci  |2 SNKPH  |9 3189 
650 0 7 |a dejiny hudby  |2 SNKPH  |9 3387 
650 0 7 |a Violoncellists  |2 SNKPHeng  |9 440873 
650 0 7 |a Conductors (music)  |2 SNKPHeng  |9 338639 
650 0 7 |a Musicians  |2 SNKPHeng  |9 278301 
650 0 7 |a violončelisti  |2 SNKPH  |9 84861 
650 0 7 |a Music history  |2 SNKPHeng  |9 265675 
651 7 |a Španielsko  |2 SNKPHgeo  |9 20008 
651 7 |a Spain  |2 SNKPHgeo  |9 317207 
655 7 |a spomienky  |2 SNKPH  |9 29509 
655 7 |a Reminiscences  |2 SNKPHeng  |9 93477 
700 1 |a Corredor, José Maria,  |d 1912-  |4 oth  |9 459077 
700 1 |a Zich, Otakar,  |d 1879-1934  |4 trl  |9 126140 
830 0 |a Paměti, korespondence, dokumenty  |9 301357 
999 |c 720201  |d 722131 
952 |t P60, <04>, [BOOK], {604}  |a SNK  |b SNK  |y VYP  |7 0  |p 17A0180903  |o snkIC 20310 D1  |0 0  |1 1  |4 0  |d 1999-02-08  |l 0  |r 2005-01-02 00:00:00  |w 2026-02-23 
952 |t P60, <04>, [BOOK], {604}  |a SNK  |b SNK  |y VYP  |7 0  |p 17A0223347  |o snkIC 20310  |0 0  |1 0  |4 0  |d 2000-01-10  |l 0  |r 2005-01-02 00:00:00  |w 2026-02-23